Top 10 Quizzers On Jetpunk - Statistics

General Stats
  • This quiz has been taken 4 times
  • The average score is 2 of 10
Answer Stats
User % Correct
Quizmaster
100%
Stewart
75%
Gamer1162
0%
Gassu
0%
Jerry928
0%
KoljiVriVoda
0%
punkfrancais
0%
Quizzer6794
0%
relessness
0%
scambigol
0%
No matching quizzes found
Score Distribution
Percent of People with Each Score
Percentile by Number Answered
Your Score History
You have not taken this quiz